Política monetaria : funcionamiento en nuestra economía (1996 a 2002)

সংরক্ষণ করুন:
গ্রন্থ-পঞ্জীর বিবরন
প্রধান লেখক: Valdivieso, Zulmira. Valdés, David
অন্যান্য লেখক: Vásquez, Enzo
বিন্যাস: অজ্ঞাত
ভাষা:স্প্যানিশ
প্রকাশিত: bic. UNACH, Facultad de Ciencias Económicas y Administrativas. 2003.
বিষয়গুলি:
ট্যাগগুলো: ট্যাগ যুক্ত করুন
কোনো ট্যাগ নেই, প্রথমজন হিসাবে ট্যাগ করুন!

MARC

LEADER 00000 a2200000 4500
001 17218
003 CL-ChBUA
005 20120815103630.0
008 070301s2003 cl 000 0 spa
040 |a CL-ChBUA  |c CL-ChBUA 
082 0 0 |a -3 
090 |c 17218  |d 17218 
100 1 |a Valdivieso, Zulmira. Valdés, David 
245 1 0 |a Política monetaria :  |b funcionamiento en nuestra economía (1996 a 2002) 
260 |b UNACH, Facultad de Ciencias Económicas y Administrativas.  |a bic.  |c 2003. 
300 |a 49 p.  |c 27 cm. 
650 4 |a POLITICA MONETARIA. 
700 1 |a Vásquez, Enzo. 
942 |c LTS 
952 |0 0  |1 0  |2 ddc  |4 0  |6 SEM___ING__COM__V_146_200300000000000_UNACH_IMPRESO  |7 0  |9 23812  |a UNACH  |b UNACH  |c HEM  |d 2007-03-05  |i 35.714  |l 0  |o Sem. Ing. Com. / V 146 2003 UNACH Impreso  |p 24811  |r 2012-12-27 00:00:00  |u 23812  |w 2012-08-08  |y LTS 
999 |c 17218  |d 17218